000 00402nam a2200133Ia 4500
005 20260326100029.0
008 260326s9999||||xx |||||||||||||| ||und||
100 _aMcArdle, Alma de C.
245 0 _aCarpenter gothic :
_b 19th Century ornamented Houses of New England /
_cAlma de C. McArdle
260 _bWhitney Library of Design
300 _a159 p.
650 _aARQUITECTURA RESIDENCIAL
942 _cBK
999 _c6545
_d6545